000 00676nam a22002057a 4500
005 20170322111545.0
010 _aENG-117514
020 _a9789384782665
_c950.00
035 _aEN-101046
037 _bDBAD/PUB
082 _a327.54
100 _aSingh, Rama
245 _aInternational relations /
_cby Rama Singh [and] Ishita singh
260 _aDelhi
_bDisha International Publishing House
_c2016
270 _aF-7, Gali no. 1, Panchsheel Garden Ext. Naveen Shahdra
_bDelhi
_e110032
300 _axiv,304p.
_b24cm(Hb)
500 _aincludes bibliographical references and index
700 _a Singh, Ishita
942 _2ddc
_cEN
_h327.54
_mSIN
999 _c138314
_d138314